1073 1780 1112 1639 1194 1900 1438 1718 1037 1738 1104 1292 1583 1972 1006 1183 1836 1475 1563 1437 1571 1106 1817 1438 1104 1565 1263 1103 1106 1184 1285 1191 1331 1069 1781 1652 1842 1360 1582 1511 1975 1894 1935 1083 1071 1152 1637 1478 1010 1863 1052 1142 1272 1552 1300 1540 1140 1513 1430 1114 1866 1859 1611 1470 1883 1413 1848 1830 1056 1975 1446 1632 1948 1660 1742 1880 1041 1109 1073 1274 1913 1892 1242 1881 1103 1656 1368 1135 1433 1694 1570 1782 1310 1264 1470 1340 1225 1142 1953 BCNSPRNW ULIB Ver.6.0+V

เปลี่ยนเป็นภาษาไทย

Change to English
 แสดงรายละเอียดบรรณานุกรม
  กลับหน้าหลัก

Brief Record : Get Marc (ISO 2709) : E-mail record : QR code < ปิดหน้าต่าง
LEADER : 00000nam 2200000uu 4500
001    13399121996
003     ULIB
008    121218s2552||||th 000 0 tha d
020    ^a9879741698554
060 04 ^aWG103^bท649ก 2552
100 0  ^aเทวารักษ์ วีระวัฒกานนท์
245 00 ^aการติดตามเฝ้าระวังระบบหายใจและระบบไหลเวียนเลือด/^cเทวารักษ์ วีระวัฒกานนท์
250    ^aพิมพ์ครั้งที่ 2
260    ^aกรุงเทพฯ :^bคณะแพทยศาสตร์ จุฬาลงกรณ์มหาวิทยาลัย,^c2552
300    ^a229 หน้า :^bภาพประกอบ ;^c27 ซม.
650  7 ^aเลือด, การไหลเวียน
650  7 ^aหัวใจร่วมหลอดเลือด, ระบบ
710 2  ^aจุฬาลงกรณ์มหาวิทยาลัย. ^bคณะแพทยศาสตร์
945    ^p150^l0^i15995
945    ^p150^l0^i15994
995    ^aกัณชพร
999 ^a ใช้งานได้ทุกระบบ
รายการนี้ยังไม่มีแท็ก
คุณยังไม่ได้ล็อกอิน คุณสามารถมีกิจกรรมร่วมกับเว็บไซต์ได้ แต่ต้องล็อกอินก่อน ::
  ล็อกอิน

รายการสื่อสารสนเทศ

ลำดับที่ ประเภท เลขเรียก/บาร์โค้ด สถานที่ สถานะ
- ไม่พบข้อมูล -

รายการใกล้เคียง
    ผู้แต่ง [เทวารักษ์ วีระวัฒกานนท์]

    หัวเรื่อง [เลือด, การไหลเวียน]
    หัวเรื่อง [หัวใจร่วมหลอดเลือด, ระบบ]

BibComment


ยังไม่เคยถูกคอมเมนท์

คอมเมนท์ทรัพยากรรายการนี้
  คอมเมนท์: การติดตามเฝ้าระว..


 Copyright 2026. Bcnsprnw @Library